| 000 | 00453nam a2200181Ia 4500 | ||
|---|---|---|---|
| 008 | 220531s9999 xx 000 0 und d | ||
| 041 | _aeng | ||
| 082 | _bBAL | ||
| 100 |
_aBalasubrananian, T. _942744 |
||
| 245 | _aTextbook Of English Phonetics: For Indian Students | ||
| 250 | _a1ST | ||
| 260 |
_bMacmillan _c1999 |
||
| 300 | _a207 | ||
| 542 | _d07-09-2000 | ||
| 650 |
_aEnglish _942745 |
||
| 906 |
_d2000-2001 _f7824 |
||
| 999 |
_c25464 _d25464 |
||